00334nam a22000977a 450000500170000010000620001724500850007926000270016430000090019170000360020020260629121630.0 aImam Alia21-MSCS-04aSupervisor - Dr.Asghar Ali Chandio  aMalicious and Non Malicious Website Deduction Using Machine Learning (Thesis MS) aNawabshahbQUESTc2025 a80p. aDepartment of Computer Science